000 00653nam a2200241Ia 4500
003 OSt
005 20220918163456.0
006 a|||||r|||| 00| 0
007 ta
008 220917b |||||||| |||| 00| 0 eng d
020 _a0030990882
024 _a246,549
037 _cTextual
040 _aARTS
_cARTS
_beng
041 _2eng
_aeng
082 _aX.6.No, N7;1
100 _aMichie Jonathan Ed.
_913351
245 0 _aPolitical economy of South Africa's transition
260 _aLondon
_bThe Dryden Press UK
_c1997
300 _a250p.
_ccm.
942 _hX.6.No, N7;1
_cTEXL
_2CC
999 _c119769
_d119769